000 00538pam a2200217 a 4500
001 1441204
005 20180206092718.0
008 850124s1985 nyua b 001 0 eng
010 _a 85001574
020 _a0029183308
040 _aDLC
_cDLC
_dDLC
041 _aeng
080 _a650.13 KOT
082 0 0 _a650.13 KOT
_219
100 1 _a54
101 _aLID
245 1 0 _aPower and influence /
_cJohn P. Kotter.
504 _aBibliography: p. 207-212.
906 _a7
_bcbc
_corignew
_d1
_eocip
_f19
_gy-gencatlg
942 _2ddc
_cBK
999 _c41954
_d41954